000 00657nam a2200229 i 4500
001 6752
003 ES-MaACL
005 20250907063032.0
007 t|
008 900316s1984 sp ||||1| spa d
020 _a84-7052-109-8
080 _a342.25(46)
080 _a323.173(46)
100 1 _aLópez Rodó, Laureano,
_d1920-2000
_973928
245 1 0 _aEstado y Comunidades autónomas /
_cLaureano López Rodo.
260 _aMadrid :
_bAbella,
_c1984.
300 _a163 p. ;
_c24 cm.
504 _aBibliografía: p. 137-146.
651 4 _aEspaña-
_xComunidades autónomas.
_9153185
852 _aES-MaACL
_jL-13954
999 _c6752
_d6752